000 00550cab a2200229 4500
001 X98960
008 090401t1999 xxu||||| |||| 00| 0 eng d
035 _a(Sirsi) u93706
041 _aeng
245 _aTravel-Vac v Sanchis
260 _c1999
350 _a0
490 _aNew Property Cases
_v[1999] NPC 55 1-3(3)
650 _aCONTRACT
650 _aEUROPEAN LAW
650 _aREAL PROPERTY
650 _aSALE OF PROPERTY
650 _aTIMESHARE
690 _aPROPERTY LAW AND PRACTICE-CASE LAW
942 _n0
948 _c02/06/1999
999 _c59398
_d59398